Szczegóły MARC21

The public debt problem : a comprehensive guide /

003 -Nazwa inst., której nr kontr. jest w polu 001 [,]
    • @
    • Nazwa instytucji, której n kontrolny jest w polu 001
    • NUKAT
005 -DATA I CZAS OSTATNIEJ MODYFIKACJI [,]
    • @
    • pole kontrolne
    • 20241231102503.0
020 -Międzynarod. znormalizowany nr książki - ISBN [ , ]
    • a
    • Numer ISBN
    • 9781137298072 Find
    • q
    • Dopowiedzenie
    • paperback
020 -Międzynarod. znormalizowany nr książki - ISBN [ , ]
    • a
    • Numer ISBN
    • 9781137298065 Find
    • q
    • Dopowiedzenie
    • hardcover
040 -Instytucja sporządzająca opis [ , ]
    • a
    • Instytucja, która sporządziła opis (NP)
    • WA 14/IB
    • c
    • Instytucja, która sporządziła rekord (NP)
    • WA 14/IB
044 -Kraj miejsca wydania [ , ]
    • a
    • Kraj miejsca wydania
    • Stany Zjednoczone po 1988
    • a
    • Kraj miejsca wydania
    • Wielka Brytania po 1988
942 -Rodzaj dokumentu [ , ]
    • c
    • Rodzaj dokumentu
    • Książka
100 -Hasło główne - nazwa osobowa [1, ]
    • a
    • Nazwa osobowa (NP)
    • Lemieux, Pierre.
    • 9
    • KHW
    • 65846
245 -Strefa tytułu i oznaczenia odpowiedzialności [1,4]
    • a
    • Tytuł
    • The public debt problem : Find
    • b
    • Ciąg dalszy tytułu (NP)
    • a comprehensive guide / Find
    • c
    • Pozostałe elementy strefy tytułu i oznaczenia odpowiedzialności (NP)
    • by Pierre Lemieux.
260 -Strefa adresu wydawniczego [ , ]
    • a
    • Miejsce wydania (P)
    • New York ;
    • a
    • Miejsce wydania (P)
    • Basingstoke :
    • b
    • Nazwa wydawcy (P)
    • Palgrave Macmillan,
    • c
    • Data wydania (P)
    • cop. 2013.
300 -Strefa opisu fizycznego [ , ]
    • a
    • Określenie formy książki i/lub objętość (NP)
    • XII, 212 s. :
    • b
    • Oznaczenie ilustracji (NP)
    • il. ;
    • c
    • Format (NP)
    • 24 cm.
336 -Typ zawartości [ , ]
    • a
    • Termin opisujący typ zawartości
    • Tekst
    • b
    • Kod określający zawartość
    • txt
    • 2
    • Źródło (terminu i kodu)
    • rdacontent
337 -Typ mediów [ , ]
    • a
    • Tryb odtwarzania
    • Bez urządzenia pośredniczącego
    • b
    • Kod typu mediów
    • n
    • 2
    • Źródło (terminu i kodu)
    • rdamedia
338 -Typ/rodzaj nośnika [ , ]
    • a
    • Hasło opisujące typ nośnika
    • Wolumin
    • b
    • Kod typu nośnika
    • nc
    • 2
    • Źródło (terminu i kodu)
    • rdacarrier
504 -Uwaga dot. bibliogr. załącznikowej [ , ]
    • a
    • Uwaga dot. bibliografii załącznikowej
    • Bibliogr. s. 197-205. Indeks.
080 -Uniwersalna Klasyfikacja Dziesiętna [ , ]
    • 2
    • Identyfikator wydania tablic
    • UDC-P058
    • 9
    • UKD
    • 3159
    • a
    • Symbol klasyfikacji
    • 336.27
    • b
    • Dopowiedzenie
    • Pożyczki państwowe. Długi państwowe. Dług publiczny. Kredyty państwowe. Zadłużenie publiczne. Pożyczki zagraniczne. Kredyty rządowe. Dług wewnętrzny. Niewypłacalność państwa. Obligacje jako źródło dochodów
    • 4
    • UKD2
    • 8141
    • x
    • Poddział wspólny
    • (73)
    • c
    • Dopowiedzenie poddz. wspólnego
    • (Stany Zjednoczone Ameryki Północnej. USA).
    • 4
    • UKD2
    • 8979
    • x
    • Poddział wspólny
    • (078.7)
    • c
    • Dopowiedzenie poddz. wspólnego
    • (Case studies. Studium przypadku).
    • 4
    • UKD2
    • 7644
    • x
    • Poddział wspólny
    • =111
    • c
    • Dopowiedzenie poddz. wspólnego
    • =Język angielski.
980 -Symbol UKD [ , ]
    • a
    • UKD
    • 336.27(73)(078.7)=111
710 -Hasło dodatkowe - nazwa ciała zbiorowego [2, ]
    • a
    • Nazwa ciała zbiorowego lub nazwa geograficzna jako pierwszy element (NP)
    • Palgrave Macmillan (2001-2015).
    • 4
    • Kod relacji
    • pbl
    • 9
    • KHW
    • 54809
920 -ISBN [ , ]
    • a
    • ISBN
    • 978-1-137-29807-2 Find
    • q
    • Dopowiedzenie
    • paperback
920 -ISBN [ , ]
    • a
    • ISBN
    • 978-1-137-29806-5 Find
    • q
    • Dopowiedzenie
    • hardcover
Numer inwentarzowy Status udost. Data inwentaryzacji Lokalizacja
T.13718-22013-11-28T